000
00254nam a22000977a 4500
100
_a
എം ടി വാസുദേവൻ നായർ
245
_a
രണ്ടാമുഴം
650
_a
Randamoozham
700
_a
Vasudevan Nair, M.T
942
_c
BK
999
_c
14054
_d
14054